Walking Dead Season 1 Characters - Statistics

General Stats
  • This quiz has been taken 32 times
  • The average score is 17 of 21
Answer Stats
Hint Answer % Correct
Son of the MC Carl Grimes
100%
Main Character Deputy Sherrif of King County Rick Grimes
100%
MC's partner and best friend Shane Walsh
96%
Blonde woman in the main camp pulled a gun on MC when they first met Andrea
91%
Woman with an abusive husband also has a daughter Carol Peletier
91%
Old man and moral compas of the group also owns the RV Dale Horvath
91%
Hunter loves to wield a crossbow Daryl Dixon
91%
Korean guy who does the supply runs Glenn Rhee
91%
MC's wife Lori Grimes
91%
The abusive husband Ed Peletier
87%
Mechanic who had a weird dream Jim
87%
Racist man who was handcuffed to a roof Merle Dixon
87%
Black guy that joins all the supply runs with the group T-Dog
87%
Daughter of the woman with an abusive husband Sophia Peletier
83%
Saved the MC in the pilot Morgan Jones
78%
Sister of the blonde woman Amy
74%
Son of the above Duane Jones
70%
Doctor at the CDC Edwin Jenner
70%
Hispanic man who has a family left to go to Birmingham Morales
70%
Woman that stayed behind at the CDC Jacqui
65%
Leader of the Vatos Guillermo
43%
No matching quizzes found
Score Distribution
Percent of People with Each Score
Percentile by Number Answered
Your Score History
You have not taken this quiz